[Event "Guimaraes Open 2018"]
[Site "Guimaraes"]
[Date "2018.10.06"]
[Round "4"]
[White "Martins, Jose Carlos Caetano"]
[Black "Represa Perez, Mireya"]
[Result "0-1"]
[WhiteElo "1679"]
[BlackElo "2151"]
[Annotator "TA"]
[PlyCount "54"]
[EventDate "2018.10.04"]
[EventType "swiss"]
[EventCountry "POR"]
[SourceTitle "playchess.com"]
[Source "ChessBase"]
[SourceQuality "1"]

{[%evp 20,54,18,-25,0,-1,0,-10,-7,-4,0,0,14,14,10,18,22,0,79,69,82,26,28,-60,-63,-62,-61,-103,-95,-100,-88,-84,-51,-111,-42,-207,-194]} 1. e4 c5 2. Nf3 d6 3. d4 cxd4 4. Nxd4 Nf6 5. Nc3 a6 6. Be3 e5 7. Nb3 Be6 8. Be2 Be7 9. O-O O-O 10. a4 {[%cal Ba2a4,Ba4a5][%mdl 32]} Nbd7 {[%cal Bb8d7,Bd7b6,Bb6c4][%mdl 32]} 11. f3 Rc8 {B92: Sicilian Najdorf: 6 Be2} (11... Nb6 12. a5 Nc4 13. Bxc4 Bxc4 14. Rf2 Rc8 15. Rd2 Qc7 16. Kh1 h6 17. Nc1 Be6 18. Nd3 d5 19. exd5 Bxd5 {½-½ (31) Andriasian,Z (2613)-Kotanjian,T (2537) Yerevan 2010}) 12. Qd2 Nb6 13. a5 $1 Nc4 {The position is equal.} 14. Bxc4 $1 Bxc4 15. Bb6 Qd7 16. Rfd1 Be6 $146 ({Predecessor:} 16... Qc6 17. Na4 d5 18. exd5 Nxd5 19. Nac5 Nxb6 20. axb6 Bxc5+ 21. Kh1 Bxb6 {0-1 (21) Mourouti,V-Tzolas,G (2160) Patras 2000}) 17. Nc1 {[%cal Bb3c1,Bc1a2,Ba2b4][%mdl 32]} Qc6 18. N1a2 Rfe8 (18... Qc4 $11) 19. Nb4 $16 Qd7 20. Rac1 (20. b3 $16) 20... Bd8 $11 21. Qxd6 (21. Qf2 $11) 21... Qxd6 $15 22. Rxd6 Be7 23. Rxe6 fxe6 24. Nd3 Nd7 25. Bf2 Rc4 26. Bg3 (26. Kf1 $15) 26... Bf6 ({Black should play} 26... Bg5 $17 27. Re1 Bd2) 27. Nd1 $2 {[#]} (27. Rb1 $15) 27... Bg5 {Precision: White = 36%, Black = 51%.} 0-1

[Event "Guimaraes Open 2018"]
[Site "Guimaraes"]
[Date "2018.10.06"]
[Round "4"]
[White "Gama, Joao Goncalo Cereje"]
[Black "Silva, Goncalo Nuno Neto P"]
[Result "0-1"]
[WhiteElo "1598"]
[BlackElo "1996"]
[Annotator "NA RC"]
[PlyCount "112"]
[EventDate "2018.10.04"]
[EventType "swiss"]
[EventCountry "POR"]
[SourceTitle "playchess.com"]
[Source "ChessBase"]
[SourceQuality "1"]
[TimeControl "5400+30"]

1. e4 {[%emt 0:00:00]} g6 {[%emt 0:00:00]} 2. d4 {[%emt 0:00:00]} Bg7 {[%emt 0:00:00]} 3. c3 {[%emt 0:00:43]} d6 {[%emt 0:00:28]} 4. g3 {[%emt 0:00:40]} Nd7 {[%emt 0:00:52]} 5. Bg2 {[%emt 0:00:49]} Ngf6 {[%emt 0:00:09]} 6. Ne2 {[%emt 0:00:31]} c5 {[%emt 0:00:52]} 7. O-O {[%emt 0:01:42]} O-O {[%emt 0:00:11]} 8. h3 {[%emt 0:04:01]} Rb8 {[%emt 0:01:36]} 9. a4 {[%emt 0:01:28]} b6 {[%emt 0:03:46]} 10. Be3 {[%emt 0:03:47]} Ba6 {[%emt 0:02:43]} 11. Na3 {[%emt 0:04:15]} b5 {[%emt 0:16:02]} 12. axb5 {[%emt 0:08:22]} Bxb5 {[%emt 0:00:24]} 13. Nxb5 {[%emt 0:00:17]} Rxb5 {[%emt 0:00:02]} 14. Qc2 {[%emt 0:01:24]} Qc7 {[%emt 0:02:06]} 15. Ra2 {[%emt 0:02:25]} Rfb8 {[%emt 0:04:26]} 16. Rfa1 {[%emt 0:00:31]} a6 {[%emt 0:08:53]} 17. Nf4 {[%emt 0:08:25]} cxd4 {[%emt 0:00:40]} 18. Bd2 {[%emt 0:04:03]} Ne5 {[%emt 0:15:37]} 19. Nd3 {[%emt 0:08:02]} Nfd7 {[%emt 0:02:40]} 20. f4 {[%emt 0:11:04]} Nxd3 {[%emt 0:00:25]} 21. Qxd3 {[%emt 0:00:05]} Nc5 {[%emt 0:01:22]} 22. Qc4 {[%emt 0:01:22]} Rxb2 {[%emt 0:03:57]} 23. cxd4 {[%emt 0:00:45]} Ne6 {[%emt 0:00:26]} 24. Qxc7 {[%emt 0:04:32]} Bxd4+ {[%emt 0:00:12]} 25. Kh2 {[%emt 0:00:21]} Nxc7 {[%emt 0:00:19]} 26. Rxb2 {[%emt 0:02:09]} Rxb2 {[%emt 0:00:13]} 27. Ba5 {[%emt 0:00:48]} Rxg2+ {[%emt 0:02:18]} 28. Kxg2 {[%emt 0:00:25]} Bxa1 {[%emt 0:00:01]} 29. Bxc7 {[%emt 0:00:15]} Bc3 {[%emt 0:00:08]} 30. Kf3 {[%emt 0:01:59]} Kf8 {[%emt 0:00:03]} 31. Ke3 {[%emt 0:00:24]} Ke8 {[%emt 0:00:11]} 32. Kd3 {[%emt 0:00:13]} Be1 {[%emt 0:00:47]} 33. g4 {[%emt 0:00:20]} Kd7 {[%emt 0:00:41]} 34. Bb6 {[%emt 0:00:10]} Kc6 {[%emt 0:03:48]} 35. Bd8 {[%emt 0:01:35]} e6 {[%emt 0:01:38]} 36. Kc4 {[%emt 0:00:39]} Bf2 {[%emt 0:01:44]} 37. Ba5 {[%emt 0:04:12]} d5+ {[%emt 0:01:10]} 38. exd5+ {[%emt 0:00:28]} exd5+ {[%emt 0:00:15]} 39. Kd3 {[%emt 0:00:17]} Kb5 {[%emt 0:00:40]} 40. Bc3 {[%emt 0:00:51]} a5 {[%emt 0:00:54]} 41. Bb2 {[%emt 0:00:30]} Kb4 {[%emt 0:00:18]} 42. Bc3+ {[%emt 0:00:09]} Kb5 {[%emt 0:00:14]} 43. Bb2 {[%emt 0:00:23]} a4 {[%emt 0:00:07]} 44. f5 {[%emt 0:01:03]} Kb4 {[%emt 0:00:22]} 45. Bc3+ {[%emt 0:00:45]} Kb3 {[%emt 0:00:07]} 46. Ba1 {[%emt 0:00:45]} a3 {[%emt 0:00:09]} 47. Bc3 {[%emt 0:00:19]} a2 {[%emt 0:00:07]} 48. Ba1 {[%emt 0:00:04]} Bc5 {[%emt 0:00:05]} 49. fxg6 {[%emt 0:00:23]} fxg6 {[%emt 0:00:06]} 50. h4 {[%emt 0:00:42]} Ba3 {[%emt 0:00:07]} 51. Kd4 {[%emt 0:00:41]} Bb2+ {[%emt 0:00:07]} 52. Bxb2 {[%emt 0:00:04]} Kxb2 {[%emt 0:00:07]} 53. Kxd5 {[%emt 0:00:04]} a1=Q {[%emt 0:01:36]} 54. h5 {[%emt 0:00:12]} gxh5 {[%emt 0:00:15]} 55. gxh5 {[%emt 0:00:17]} Qd1+ {[%emt 0:00:07]} 56. Ke6 {[%emt 0:00:05]} Qxh5 {[%emt 0:00:15]} 0-1

[Event "Guimaraes Open 2018"]
[Site "Guimaraes"]
[Date "2018.10.06"]
[Round "4"]
[White "Melo, David Emmanuel do V"]
[Black "Machado, Tomas Dias"]
[Result "1/2-1/2"]
[WhiteElo "1590"]
[BlackElo "1966"]
[Annotator "NA RC"]
[PlyCount "108"]
[EventDate "2018.10.04"]
[EventType "swiss"]
[EventCountry "POR"]
[SourceTitle "playchess.com"]
[Source "ChessBase"]
[SourceQuality "1"]
[TimeControl "5400+30"]

1. e4 {[%emt 0:00:00]} c5 {[%emt 0:03:37]} 2. Nf3 {[%emt 0:00:00]} Nc6 {[%emt 0:00:04]} 3. d4 {[%emt 0:00:00]} cxd4 {[%emt 0:00:04]} 4. Nxd4 {[%emt 0:00:00]} e5 {[%emt 0:00:05]} 5. Nb5 {[%emt 0:00:00]} d6 {[%emt 0:00:07]} 6. N1c3 {[%emt 0:00:47]} a6 {[%emt 0:00:08]} 7. Na3 {[%emt 0:00:10]} b5 {[%emt 0:00:05]} 8. Nd5 {[%emt 0:00:51]} Nf6 {[%emt 0:00:09]} 9. Bg5 {[%emt 0:00:05]} Be7 {[%emt 0:00:07]} 10. Bxf6 {[%emt 0:01:35]} Bxf6 {[%emt 0:00:11]} 11. Be2 {[%emt 0:08:27]} O-O {[%emt 0:02:16]} 12. O-O {[%emt 0:00:10]} Bg5 {[%emt 0:00:30]} 13. c3 {[%emt 0:01:27]} Ne7 {[%emt 0:02:05]} 14. Nc2 {[%emt 0:01:44]} Be6 {[%emt 0:03:12]} 15. Nce3 {[%emt 0:01:01]} Bxe3 {[%emt 0:03:16]} 16. Nxe3 {[%emt 0:00:20]} f5 {[%emt 0:01:29]} 17. exf5 {[%emt 0:02:32]} Nxf5 {[%emt 0:02:13]} 18. Nxf5 {[%emt 0:03:53]} Bxf5 {[%emt 0:00:59]} 19. Qd5+ {[%emt 0:00:37]} Kh8 {[%emt 0:00:12]} 20. Rad1 {[%emt 0:00:22]} Rf6 {[%emt 0:02:27]} 21. Bf3 {[%emt 0:00:38]} Rb8 {[%emt 0:04:28]} 22. a3 {[%emt 0:08:35]} Qe8 {[%emt 0:10:12]} 23. Rfe1 {[%emt 0:04:11]} Be6 {[%emt 0:21:48]} 24. Qc6 {[%emt 0:18:09]} Bb3 {[%emt 0:03:15]} 25. Rxd6 Qf8 {[%emt 0:10:28]} 26. Rxf6 {[%emt 0:13:47]} Qxf6 {[%emt 0:00:08]} 27. Qc7 {[%emt 0:00:44]} Re8 {[%emt 0:00:22]} 28. Bc6 {[%emt 0:00:51]} Qe7 {[%emt 0:00:51]} 29. Qxe7 {[%emt 0:00:42]} Rxe7 {[%emt 0:00:10]} 30. f4 Re6 {[%emt 0:02:23]} 31. Bb7 {[%emt 0:00:57]} Rb6 {[%emt 0:01:12]} 32. Bf3 {[%emt 0:00:52]} Rd6 {[%emt 0:01:24]} 33. Rxe5 {[%emt 0:01:17]} Kg8 {[%emt 0:00:08]} 34. Kf2 {[%emt 0:06:21]} Bc4 {[%emt 0:00:18]} 35. Ke1 {[%emt 0:01:34]} Kf7 {[%emt 0:00:50]} 36. Bd1 {[%emt 0:08:43]} Rc6 {[%emt 0:02:36]} 37. a4 {[%emt 0:01:45]} Kf6 {[%emt 0:01:24]} 38. axb5 {[%emt 0:03:15]} axb5 {[%emt 0:00:53]} 39. Be2 {[%emt 0:00:14]} Bxe2 {[%emt 0:00:41]} 40. Kxe2 {[%emt 0:00:07]} b4 {[%emt 0:00:03]} 41. cxb4 {[%emt 0:02:07]} Rc2+ {[%emt 0:00:04]} 42. Kf1 {[%emt 0:00:22]} Rxb2 {[%emt 0:01:35]} 43. Rb5 {[%emt 0:00:09]} h6 {[%emt 0:00:20]} 44. h4 {[%emt 0:01:35]} g6 {[%emt 0:01:19]} 45. Kg1 {[%emt 0:00:29]} h5 {[%emt 0:00:06]} 46. Kh2 {[%emt 0:00:32]} Rb3 {[%emt 0:00:15]} 47. g3 {[%emt 0:00:38]} Rb2+ {[%emt 0:00:24]} 48. Kh3 {[%emt 0:00:09]} Rb3 {[%emt 0:00:57]} 49. Rb8 {[%emt 0:00:19]} Kf5 {[%emt 0:00:09]} 50. Rb5+ {[%emt 0:05:27]} Ke4 {[%emt 0:01:28]} 51. Re5+ {[%emt 0:00:33]} Kf3 {[%emt 0:00:22]} 52. f5 {[%emt 0:05:00]} Rb1 {[%emt 0:00:30]} 53. Kh2 {[%emt 0:00:10]} Rb2+ {[%emt 0:00:12]} 54. Kh3 {[%emt 0:00:29]} Rb1 {[%emt 0:00:19]} 1/2-1/2

[Event "Guimaraes Open 2018"]
[Site "Guimaraes"]
[Date "2018.10.06"]
[Round "4"]
[White "Monteiro, Tomas Alexandre"]
[Black "Cimpean, Andra"]
[Result "0-1"]
[WhiteElo "1491"]
[BlackElo "1867"]
[Annotator "NA RC"]
[PlyCount "114"]
[EventDate "2018.10.04"]
[EventType "swiss"]
[EventCountry "POR"]
[SourceTitle "playchess.com"]
[Source "ChessBase"]
[SourceQuality "1"]
[TimeControl "5400+30"]

1. e4 {[%emt 0:00:00]} Nf6 {[%emt 0:00:00]} 2. e5 {[%emt 0:00:00]} Nd5 {[%emt 0:00:00]} 3. d4 {[%emt 0:00:17]} d6 {[%emt 0:00:00]} 4. Nf3 {[%emt 0:01:36]} Bg4 {[%emt 0:00:08]} 5. Be2 {[%emt 0:00:21]} e6 {[%emt 0:00:51]} 6. O-O {[%emt 0:01:26]} Nd7 {[%emt 0:04:05]} 7. exd6 {[%emt 0:05:19]} Bxd6 {[%emt 0:00:24]} 8. c4 {[%emt 0:05:49]} Nf4 {[%emt 0:05:26]} 9. Bxf4 {[%emt 0:00:33]} Bxf4 {[%emt 0:00:11]} 10. Nc3 {[%emt 0:00:27]} O-O {[%emt 0:00:40]} 11. Re1 {[%emt 0:04:44]} Nf6 {[%emt 0:04:30]} 12. d5 {[%emt 0:09:48]} exd5 {[%emt 0:04:14]} 13. Nxd5 {[%emt 0:00:30]} Nxd5 {[%emt 0:00:26]} 14. Qxd5 {[%emt 0:00:18]} Qxd5 {[%emt 0:04:33]} 15. cxd5 {[%emt 0:00:03]} Rad8 {[%emt 0:01:06]} 16. Rad1 {[%emt 0:00:14]} Rfe8 {[%emt 0:06:02]} 17. Kf1 {[%emt 0:06:19]} Bd6 {[%emt 0:06:42]} 18. Rd4 {[%emt 0:03:07]} Bh5 {[%emt 0:03:20]} 19. Red1 {[%emt 0:03:56]} Re7 {[%emt 0:01:55]} 20. Rh4 {[%emt 0:05:35]} Bg6 {[%emt 0:01:39]} 21. Bb5 {[%emt 0:04:20]} a6 {[%emt 0:01:23]} 22. Ba4 {[%emt 0:00:06]} h6 {[%emt 0:08:27]} 23. Re1 {[%emt 0:04:13]} Rxe1+ {[%emt 0:00:53]} 24. Kxe1 {[%emt 0:00:04]} Be7 {[%emt 0:01:04]} 25. Rd4 {[%emt 0:00:20]} Bf6 {[%emt 0:00:49]} 26. Rd2 {[%emt 0:00:51]} Be4 {[%emt 0:01:32]} 27. Bb3 {[%emt 0:01:27]} Bxf3 {[%emt 0:08:52]} 28. gxf3 {[%emt 0:00:02]} Be5 {[%emt 0:00:46]} 29. h3 {[%emt 0:01:13]} Rd6 {[%emt 0:03:56]} 30. Ke2 {[%emt 0:04:20]} Rf6 {[%emt 0:01:09]} 31. Kd3 {[%emt 0:04:36]} Rf4 {[%emt 0:02:20]} 32. Re2 {[%emt 0:06:11]} Bd6 {[%emt 0:00:09]} 33. Re8+ {[%emt 0:02:58]} Kh7 {[%emt 0:00:10]} 34. Ke3 {[%emt 0:00:18]} Rh4 {[%emt 0:00:35]} 35. Bc2+ {[%emt 0:00:31]} g6 {[%emt 0:00:05]} 36. Bd3 {[%emt 0:00:37]} Rxh3 {[%emt 0:00:34]} 37. Rb8 {[%emt 0:00:20]} b6 {[%emt 0:00:38]} 38. Bxa6 {[%emt 0:00:29]} Bc5+ {[%emt 0:00:18]} 39. Ke2 {[%emt 0:00:47]} Rh2 {[%emt 0:00:34]} 40. Rc8 {[%emt 0:01:11]} Bxf2 {[%emt 0:01:06]} 41. Kd3 {[%emt 0:00:56]} Bg3 {[%emt 0:00:29]} 42. b3 {[%emt 0:02:06]} Rxa2 {[%emt 0:00:40]} 43. Bc4 {[%emt 0:00:33]} Bd6 {[%emt 0:00:30]} 44. Re8 {[%emt 0:00:42]} h5 {[%emt 0:01:33]} 45. Re4 {[%emt 0:02:10]} Rf2 {[%emt 0:04:02]} 46. Ke3 {[%emt 0:00:26]} Bc5+ {[%emt 0:00:21]} 47. Kf4 {[%emt 0:00:40]} Kh6 {[%emt 0:00:26]} 48. Re5 {[%emt 0:00:47]} Bd6 {[%emt 0:01:36]} 49. Ke3 {[%emt 0:00:31]} Rxf3+ {[%emt 0:00:42]} 50. Kxf3 {[%emt 0:00:03]} Bxe5 {[%emt 0:00:06]} 51. Bd3 {[%emt 0:00:20]} f5 {[%emt 0:03:22]} 52. b4 {[%emt 0:00:53]} Kg5 {[%emt 0:00:27]} 53. Bf1 {[%emt 0:00:17]} Kf6 {[%emt 0:00:19]} 54. Kg2 {[%emt 0:00:25]} g5 {[%emt 0:00:10]} 55. Be2 {[%emt 0:00:09]} g4 {[%emt 0:00:08]} 56. b5 {[%emt 0:00:55]} Kg5 {[%emt 0:00:23]} 57. Kf2 {[%emt 0:00:08]} h4 {[%emt 0:00:11]} 0-1

[Event "Guimaraes Open 2018"]
[Site "Guimaraes"]
[Date "2018.10.06"]
[Round "5"]
[White "Fedorchuk, Sergey A."]
[Black "Huerga Leache, Mikel"]
[Result "1-0"]
[WhiteElo "2607"]
[BlackElo "2446"]
[Annotator "TA"]
[PlyCount "57"]
[EventDate "2018.10.04"]
[EventType "swiss"]
[EventCountry "POR"]
[SourceTitle "playchess.com"]
[Source "ChessBase"]
[SourceQuality "1"]

{[%evp 16,57,14,16,22,16,55,46,52,51,62,4,27,0,0,-7,0,0,-14,-12,0,0,0,0,12,14,17,17,135,141,142,150,316,328,495,496,729,400,408,408,408,407,768,750]} 1. e4 e6 2. d4 d5 3. Nd2 Nf6 4. e5 Nfd7 5. Ngf3 c5 6. c3 b6 7. Bb5 Ba6 {C05: French Tarrasch: 3...Nf6 4 e5 Nfd7, 5 f4 and 5 Bd3 sidelines} (7... Be7 8. O-O O-O 9. Re1 a5 10. Nf1 Ba6 11. a4 Bxb5 12. axb5 Re8 13. Ng3 Nf8 14. Nh5 Nbd7 15. g3 {1-0 (24) Kasparov,G (2827)-Short,N (2676) Zuerich 2001 CBM 083 [Winants,L]}) 8. a4 {[%cal Ba2a4,Ba4b5][%mdl 32]} Be7 9. O-O {LiveBook: 5 Games} Qc8 {The position is equal.} 10. Qe2 Bxb5 $146 ({Predecessor:} 10... c4 11. b3 cxb3 12. c4 Bb7 13. Ba3 Bxa3 14. Rxa3 a6 15. Bxd7+ Nxd7 16. Rxb3 {½-½ (25) Tan,J (2196)-Kollen,Z (2147) Borne 2012}) 11. axb5 ({Of course not} 11. Qxb5 c4 $15) 11... Qb7 12. c4 O-O 13. cxd5 ({White should try} 13. Rd1 $14) 13... Qxd5 $11 14. Ra4 a6 $1 15. dxc5 {Threatens to win with c6.} axb5 16. Rxa8 Qxa8 17. cxb6 Qd5 18. b7 $36 {[%mdl 2048] White has good play.} Rd8 19. Ne4 Nxe5 20. Nxe5 Qxe5 21. Qf3 $1 {Hoping for Bf4.} Qd5 (21... Qf5 $11) 22. Bf4 $1 $16 e5 23. Be3 Rd7 $2 {[#]} (23... f5 $16 {was worth a try.}) 24. Rc1 $1 $18 {[%cal Rc1c8] Rc8+ is the strong threat.} f5 {[#]} (24... Bf8 $142 25. Ba7 Na6) 25. Rc8+ $1 Bf8 (25... Bd8 $142 26. Ng3 f4 27. Rxb8 Qd1+ 28. Nf1 Qxf3 29. gxf3 fxe3 30. Nxe3 Kf7) 26. Nf6+ gxf6 27. Qxd5+ Rxd5 {[%cal Rd5d1]} 28. g3 f4 (28... Kg7 $142 29. Rxb8 Rd7 30. Rxf8 Rxb7) 29. Rxb8 {Precision: White = 63%, Black = 33%.} 1-0

[Event "Guimaraes Open 2018"]
[Site "Guimaraes"]
[Date "2018.10.06"]
[Round "5"]
[White "Spraggett, Kevin Barry"]
[Black "Khamrakulov, Ibragim S."]
[Result "1/2-1/2"]
[WhiteElo "2513"]
[BlackElo "2432"]
[Annotator "TA"]
[PlyCount "23"]
[EventDate "2018.10.04"]
[EventType "swiss"]
[EventCountry "POR"]
[SourceTitle "playchess.com"]
[Source "ChessBase"]
[SourceQuality "1"]

{[%evp 13,23,33,29,9,19,13,18,0,33,5,59,59]} 1. d4 Nf6 2. c4 e6 3. Nf3 b6 4. a3 d5 5. cxd5 exd5 6. Nc3 Be7 7. Bf4 {E12: Queen's Indian: Unusual White 4th moves, 4 a3, 4 Nc3 Bb7 5 a3 and 4 Nc3 Bb7} (7. g3 O-O 8. Bg2 Bb7 9. O-O Nbd7 10. Qc2 c5 11. Rd1 Re8 12. dxc5 Bxc5 13. Nd4 Qe7 14. Bg5 Qe5 15. Nf3 Qe6 16. b4 Bf8 17. Nd4 Qe5 18. Bf4 Qh5 {½-½ (41) Babula,V (2548)-Rozentalis,E (2573) Novi Sad 2016}) 7... O-O {LiveBook: 56 Games} 8. Rc1 c5 9. e3 Nc6 10. Be2 Bb7 11. O-O Ne4 $146 (11... c4 $11) ({Predecessor:} 11... Rc8 12. Qa4 c4 13. Ne5 a6 14. b4 cxb3 15. Qxb3 Na5 {1-0 (46) Marzik,H-Gellrich,P Germany 1995}) 12. Nxe4 1/2-1/2

[Event "Guimaraes Open 2018"]
[Site "Guimaraes"]
[Date "2018.10.06"]
[Round "5"]
[White "Larino Nieto, David"]
[Black "Solodovnichenko, Yuri"]
[Result "0-1"]
[WhiteElo "2439"]
[BlackElo "2554"]
[Annotator "TA"]
[PlyCount "60"]
[EventDate "2018.10.04"]
[EventType "swiss"]
[EventCountry "POR"]
[SourceTitle "playchess.com"]
[Source "ChessBase"]
[SourceQuality "1"]

{[%evp 15,60,-13,-13,-20,-22,-37,-42,-47,-53,-45,3,-77,-87,-66,-68,-221,-229,-229,-219,-228,-213,-227,-207,-325,-320,-303,-299,-382,-379,-647,-664,-608,-574,-560,-570,-542,-533,-777,-775,-813,-802,-783,-744,-1200,-1172,-1672,-1584]} 1. b3 e5 2. Bb2 Nc6 3. e3 Nf6 4. Bb5 Bd6 5. Ne2 a6 (5... O-O 6. Na3 e4 7. Nc4 Be7 8. Bxc6 bxc6 9. O-O a5 10. d3 d5 11. Nd2 a4 12. dxe4 Nxe4 13. Nxe4 dxe4 {½-½ (45) Jobava,B (2687)-Yu,Y (2744) Tbilisi 2017}) 6. Bxc6 {A01: Nimzowitsch-Larsen Opening} dxc6 7. d3 Qe7 8. Nd2 Be6 {LiveBook: 7 Games} 9. a3 O-O-O 10. c4 h5 {[%cal Bh7h5,Bh5h4][%mdl 32]} 11. Qc2 $146 ({Predecessor:} 11. b4 c5 12. b5 axb5 13. cxb5 {0-1 (22) Cottle,N (1731)-Elsbergs,J (1793) ICCF email 2016}) 11... h4 12. h3 Bd7 13. Nf3 (13. b4 $11 c5 14. Bc3) 13... e4 $17 14. dxe4 Nxe4 15. Bxg7 $2 (15. O-O $15) 15... Rhg8 $19 16. Be5 Nxf2 17. Kxf2 {[#] Strongly threatening Bxd6.} Bxe5 18. Nxe5 Qxe5 19. Qc3 (19. Rad1 {was the only defense.}) 19... Qf5+ 20. Nf4 Rg3 21. Rac1 Rdg8 ({Not} 21... Re8 22. Rhf1 $19) 22. Rhg1 $2 (22. Kg1) 22... c5 {Black is clearly winning.} 23. Qc2 {White hopes to continue with Qxf5.} Qe5 24. Rce1 Bc6 {[%cal Bd7c6,Bc6f3,Bf3e4,Be4g2][%mdl 32]} 25. Re2 {[#]} Bf3 $1 {[%mdl 512]} 26. Ree1 (26. gxf3 Rxg1) 26... Be4 27. Qe2 Qf6 28. Kf1 Bxg2+ 29. Kf2 Qc6 {( -> ...Rf3+)} 30. Qh5 Qe4 {Precision: White = 26%, Black = 91%.} 0-1

[Event "Guimaraes Open 2018"]
[Site "Guimaraes"]
[Date "2018.10.06"]
[Round "5"]
[White "Campora Sivori, Daniel Hugo"]
[Black "Pazos Porta, Antonio"]
[Result "1/2-1/2"]
[WhiteElo "2413"]
[BlackElo "2323"]
[Annotator "TA"]
[PlyCount "122"]
[EventDate "2018.10.04"]
[EventType "swiss"]
[EventCountry "POR"]
[SourceTitle "playchess.com"]
[Source "ChessBase"]
[SourceQuality "1"]

{[%evp 16,122,22,18,30,14,27,15,17,14,14,19,17,16,17,11,23,20,40,43,40,29,29,29,29,29,31,31,70,29,51,43,96,109,132,106,122,107,107,104,112,113,236,232,218,162,167,143,178,170,238,170,169,0,0,0,0,0,0,0,52,52,91,0,0,0,0,0,0,0,0,0,0,0,0,0,0,0,0,0,0,0,0,0,0,0,0,0,0,0,0,0,0,0,0,0,0,0,0,0,0,0,0,0,0,0,0,0,8]} 1. Nf3 Nf6 2. g3 g6 3. Bg2 Bg7 4. O-O O-O 5. c4 d6 6. Nc3 Nc6 7. d3 e5 8. Rb1 Re8 9. e4 {LiveBook: 5 Games. A26: English Opening vs King's Indian with ...Nc6 and d3} a6 $146 ({Predecessor:} 9... Bg4 10. h3 Bxf3 11. Qxf3 Nd4 12. Qd1 Nd7 13. Ne2 Nxe2+ 14. Qxe2 a5 15. Be3 Nc5 16. Qd2 Ne6 {1-0 (51) Karttunen,M (2465)-Sipila,V (2415) Helsinki 2017}) 10. a3 Rb8 11. b4 {White has an edge.} Bg4 12. h3 Bxf3 13. Qxf3 Nd4 14. Qd1 b5 15. Be3 Nd7 16. a4 c6 17. cxb5 axb5 18. axb5 Nxb5 19. Nxb5 Rxb5 20. Qc2 Qc7 21. Rfc1 Rc8 22. Bf3 Qd8 23. Bg4 Rc7 (23... h5 $14 24. Be2 Rbb8) 24. Qa4 $16 h5 {[#]} 25. Rxc6 $1 {[%mdl 512]} Rcb7 (25... Rxc6 26. Qxb5) 26. Bxd7 Qxd7 27. Rb6 $1 R7xb6 28. Bxb6 h4 {[#]} (28... Bh6 $16 {was worth a try.}) 29. g4 $1 $18 ({Don't do} 29. gxh4 $6 Bh6 $16) 29... Bh6 {[#]} 30. Bd8 $1 {[%mdl 512]} d5 {[#]} (30... Qxd8 31. Qxb5) 31. Be7 $1 {[%mdl 512]} Qb7 (31... Qxe7 32. Qxb5) 32. Ra1 ({Inferior is} 32. Bxh4 dxe4 33. dxe4 Qxe4 $11) 32... dxe4 (32... Bf8 $142) 33. dxe4 Bf8 {[#]} 34. Bxf8 $2 ({Much less strong is} 34. Bxh4 $6 Rxb4 35. Qe8 Rxe4 $16) ({White must play} 34. Bc5 $1 $18) 34... Kxf8 $11 35. Qa8+ (35. Rd1 {keeps more tension.} Kg7 36. Rd8 Kf6 37. Qc2 Kg7 38. Qc4) 35... Qxa8 $1 36. Rxa8+ {[%mdl 4096] Endgame KR-KR} Ke7 37. Ra4 Rb7 (37... Kf6 $1 $11) 38. g5 $14 Rc7 39. Ra5 (39. b5 $16) 39... Rc4 $11 {The position is equal.} 40. Rxe5+ Kd6 $1 {[%cal Rd6e5]} 41. Rd5+ (41. Re8 {feels hotter.} Kd7 42. Rb8 Rxe4 43. Kg2 Rf4 44. Kf1) 41... Ke6 42. Rb5 (42. f4 {seems wilder.} Rxb4 43. Re5+ Kd6 44. Kg2 Rb3 45. Rd5+) 42... Rxe4 43. Kg2 Rf4 44. f3 Rc4 45. Kf2 Rc3 46. Rc5 Rb3 47. Rc4 Kf5 48. Rxh4 {aiming for Rg4.} Kxg5 49. Kg3 Rb1 50. Rc4 Rg1+ 51. Kf2 Rb1 52. h4+ Kf5 53. Re4 f6 54. Kg2 Rb2+ 55. Kg3 Rb1 56. Rc4 Rg1+ 57. Kf2 Rb1 58. Ke3 Rb3+ 59. Ke2 Ke5 60. Rg4 Kf5 61. Kf2 Ke5 {Precision: White = 59%, Black = 54%.} 1/2-1/2

[Event "Guimaraes Open 2018"]
[Site "Guimaraes"]
[Date "2018.10.06"]
[Round "5"]
[White "Suarez Uriel, Adrian"]
[Black "Guimaraes, Rui Pinto"]
[Result "1-0"]
[WhiteElo "2394"]
[BlackElo "2143"]
[Annotator "TA"]
[PlyCount "45"]
[EventDate "2018.10.04"]
[EventType "swiss"]
[EventCountry "POR"]
[SourceTitle "playchess.com"]
[Source "ChessBase"]
[SourceQuality "1"]

{[%evp 15,45,40,45,45,37,35,54,27,183,186,164,161,429,418,421,400,416,414,412,417,1209,1191,1759,1716,1455,1350,29993,29994,29996,29997,29997,29998]} 1. e4 c5 2. Nf3 d6 3. Nc3 Nf6 4. e5 dxe5 5. Nxe5 a6 6. g3 {B50: Sicilian: 2...d6, Miscellaneous} Qc7 7. d4 cxd4 8. Qxd4 Nc6 {LiveBook: 9 Games} 9. Nxc6 Qxc6 10. Bg5 Bg4 {[#]} (10... Qxh1 $6 11. O-O-O $16) 11. Bxf6 $1 {[%mdl 512]} gxf6 $2 ({Much worse is} 11... Qxh1 $6 12. Nd5 $16) (11... h5 $1 $11 12. Bxg7 Rd8) (11... Qxf6 12. Qxg4) 12. Qxg4 $40 {[%mdl 128] Black is in trouble.} Qxh1 {[#]} 13. Qa4+ $1 {[#]} Qc6 $146 {[#]} (13... b5 14. Nxb5 Bh6 15. Nc7+ Kf8 16. Nxa8 Qxa8 17. Qxa6 Qd8) ({Predecessor:} 13... b5 14. Nxb5 {1-0 (33) Artemiev,V (2692)-Bok,B (2615) Tbilisi 2017}) 14. Bb5 $1 {[%cal Rb5c6][%mdl 512]} axb5 15. Qxa8+ Kd7 16. O-O-O+ Ke6 {And now ...Bh6+ would win.} 17. f4 Bg7 (17... Kf5 $142 18. Rd8 Qh1+ 19. Nd1 Qxh2 20. Qc8+ (20. Qxb7 Qxg3 21. Rd3 Qxf4+ 22. Kb1 Qh2 $18) 20... e6 21. Ne3+ (21. Qxb7 Kg6 $14) 21... Kg6 22. Rxf8 Rxf8 23. Qxf8 Qh6 24. Qg8+ Qg7 25. f5+ exf5) 18. Qa7 Kf5 19. g4+ Kxg4 20. Qg1+ Kxf4 21. Rd4+ {White mates.} Ke5 22. Qe3+ Kf5 23. Rf4+ {Precision: White = 100%, Black = 34%.} 1-0